A course in semantics and translation for spanish learners of english

Gardado en:
Detalles Bibliográficos
Autor Principal: Mott, Brian (Author)
Formato: Libro
Idioma:inglés
Publicado: Barcelona EUB 1996
Edición:2a. ed
Series:Colección Humanidades, 13
Subjects:
Tags: Engadir etiqueta
Sen Etiquetas, Sexa o primeiro en etiquetar este rexistro!

MARC

LEADER 00000nam a2200000 a 4500
001 UCP9570
003 CL-VaPUC
008 000331e19960000SP |||||||||||||||||eng|d
082 0 4 |a 418.02  |b MOT  |2 21 
100 0 |a Mott, Brian  |e author  |9 440200 
245 1 2 |a A course in semantics and translation for spanish learners of english 
250 |a 2a. ed 
300 |a 256 p 
942 |c BK 
945 |d 20000331 00:00:00  |a rbrito 
260 |a Barcelona  |b EUB  |c 1996 
650 0 |a Traducción   |9 357261 
650 0 |a Interpretación   |9 258846 
650 0 |a Semántica  |9 265318 
650 0 |a Lingüística aplicada   |9 313266 
583 |a last modification  |c 20000331 00:00:00  |k Rodrigo Vera 
490 0 |a Colección Humanidades, 13 
999 |c 286369  |d 286367 
952 |0 0  |1 0  |4 0  |6 418_020000000000000_MOT_1996  |7 0  |8 R  |9 332155  |a BIBEDU  |b BIBEDU  |c MCIRC  |d 2019-11-20  |i 3603814  |o 418.02 MOT 1996  |p 3603814  |r 2023-01-13  |w 2019-11-20  |y BK_R  |k CIT